000 00710nam a2200181 4500
999 _c3712
_d3712
008 160805b xxu||||| |||| 00| 0 eng d
022 _a00014826
082 _aDPer 657.05 Ac27 Sept 2015 v. 90, n. 5
100 _912356
_aBol, Jasmin C.
243 _aThe accounting review
245 _aPerformance Target Revisions in Incentive Contracts: Do Information and Trust Reduce Ratcheting and the Rachet Effect?/
_cJasmin C. Bol and Jeremy B. Lill.
260 _aSarasota, Florida:
_bAmerican Accounting Association,
_c©2015.
300 _av90 n5, pages 1755-1778;
_c26 cm.
500 _aThe Accounting Review
650 0 _912357
_aPerformance
700 _912358
_aLill, Jeremy B.
_eAuthor
942 _2ddc
_cPER